Statistics for World cup finalists working in england

Click here to take the quiz!

General Stats

  • This quiz has been taken 16 times
    (3 since last reset)
  • The average score is 20 of 63

Answer Stats

HintAnswer% Correct
1966Stiles
100%
1966Charlton
100%
1966Moore
100%
1966Ball
100%
1966Banks
50%
1966Cohen
50%
1998Dugarry
50%
2014Schurrle
50%
2002Kleberson
50%
2002 | 2010Silva
50%
2006Materazzi
50%
2006Wiltord
50%
2010Torres
50%
2006Henry
50%
1998Vieira
50%
2010Heitinga
50%
2010Xabi Alonso
50%
2010De Jong
50%
1998Guivarc'h
50%
2014Ozil
50%
2010Van persie
50%
1998Petit
50%
2014Romero
50%
1966Hurst
50%
1966Hunt
50%
1966Peters
50%
1978Ardiles
50%
1990Klinsmann
50%
1998Barthez
50%
1998Desailly
50%
2014Mertesacker
50%
2010Pique
50%
2014Boateng
0%
2014Rojo
0%
2014Mascherano
0%
2010Jesus Navas
0%
2010Pedro
0%
2014Demichelis
0%
2010Fabregas
0%
2014Schweinsteiger
0%
2014Zabaleta
0%
2006Gallas
0%
2010Kuyt
0%
2002Hamann
0%
1966Wilson
0%
1978Tarantini
0%
1994Berti
0%
1998Lebouef
0%
1998Karembeu
0%
1998Deschamps
0%
1998Djorkaeff
0%
2002Zeige
0%
2010Robben
0%
2002Juninho
0%
2006Makele
0%
2006Diarra
0%
2006Malouda
0%
2010Steklenburg
0%
2010Van Bronckhorst
0%
2010Van der vaart
0%
2014Aguero
0%

Score Distribution

Percentile by Number Answered

Percent of People with Each Score

Your Score History

You have not taken this quiz since the last reset